ARRUPE JESUIT UNIVERSITY

CORONAVIRUS -STOP THE SPREAD - CLEAN,DISINFECT,COVER

Can these bones live? : (Record no. 128583)

MARC details
000 -LEADER
fixed length control field 01442cam a22002654a 4500
001 - CONTROL NUMBER
control field 15216579
003 - CONTROL NUMBER IDENTIFIER
control field ARRUPE
005 - DATE AND TIME OF LATEST TRANSACTION
control field 20181115103646.0
008 - FIXED-LENGTH DATA ELEMENTS--GENERAL INFORMATION
fixed length control field 080312s2008 miu bi 001 0 eng
010 ## - LIBRARY OF CONGRESS CONTROL NUMBER
LC control number 2008011655
020 ## - INTERNATIONAL STANDARD BOOK NUMBER
International Standard Book Number 9781587430817 (pbk.)
040 ## - CATALOGING SOURCE
Original cataloging agency DLC
Transcribing agency DLC
Modifying agency DLC
050 00 - LIBRARY OF CONGRESS CALL NUMBER
Classification number BV600.3
Item number .H445 2008
300 ## - PHYSICAL DESCRIPTION
Dimensions 23 cm.
100 1# - MAIN ENTRY--PERSONAL NAME
Personal name Harvey, Barry,
Dates associated with a name 1954-
9 (RLIN) 43488
245 10 - TITLE STATEMENT
Title Can these bones live? :
Remainder of title a Catholic Baptist engagement with ecclesiology, hermeneutics, and social theory /
Statement of responsibility, etc Barry Harvey.
260 ## - PUBLICATION, DISTRIBUTION, ETC. (IMPRINT)
Place of publication, distribution, etc Grand Rapids, Mich. :
Name of publisher, distributor, etc Brazos Press,
Date of publication, distribution, etc c2008.
300 ## - PHYSICAL DESCRIPTION
Extent 318 p. ;
504 ## - BIBLIOGRAPHY, ETC. NOTE
Bibliography, etc Includes bibliographical references (p. 289-303) and indexes.
505 0# - FORMATTED CONTENTS NOTE
Formatted contents note Introduction : Where, then, do we stand? -- Can these bones live? -- Caught up in the apocalypse -- Let us be like the nations -- Lovers, madmen, and pilgrim poets -- Doctrinally speaking -- Sacramental sinews -- Holy vulnerable -- Living in tents.
650 #0 - SUBJECT ADDED ENTRY--TOPICAL TERM
Topical term or geographic name as entry element Church.
9 (RLIN) 43489
650 #0 - SUBJECT ADDED ENTRY--TOPICAL TERM
Topical term or geographic name as entry element Christian sociology.
9 (RLIN) 43490
856 41 - ELECTRONIC LOCATION AND ACCESS
Materials specified Table of contents only
Uniform Resource Identifier <a href="http://www.loc.gov/catdir/toc/ecip0814/2008011655.html">http://www.loc.gov/catdir/toc/ecip0814/2008011655.html</a>
906 ## - LOCAL DATA ELEMENT F, LDF (RLIN)
a 7
b cbc
c orignew
d 1
e ecip
f 20
g y-gencatlg
942 ## - ADDED ENTRY ELEMENTS (KOHA)
Source of classification or shelving scheme Library of Congress Classification
Koha item type Monograph ( Printed materials)
Holdings
Withdrawn status Lost status Source of classification or shelving scheme Damaged status Not for loan Collection code Home library Current library Shelving location Date acquired Total Checkouts Full call number Barcode Date last seen Price effective from Koha item type
    Library of Congress Classification     Main Collection ARRUPE LIBRARY ARRUPE LIBRARY Main Collection 15/11/2018   BV600.3 .H445 2008 46600002590 15/11/2018 15/11/2018 Monograph ( Printed materials)

 

Arrupe Library. PO Box MP320 Mt Pleasant, Harare, Zimbabwe
263 242 745411|librarian@aju.ac.zw